Player to World Cup 2026 Country - Statistics

General Stats
  • This quiz has been taken 11 times
  • The average score is 33 of 48
Answer Stats
Player Country % Correct
Vinicius Junior Brazil
100%
Julian Alvarez Argentina
90%
Jeremy Doku Belgium
90%
Jonathan David Canada
90%
Jude Bellingham England
90%
Kylian Mbappe France
90%
Jamal Musiala Germany
90%
Takefusa Kubo Japan
90%
Achraf Hakimi Morocco
90%
Erling Haaland Norway
90%
Vitinha Portugal
90%
Kang-in Lee South Korea
90%
Lamine Yamal Spain
90%
Arda Güler Turkey
90%
Christian Pulisic United States
90%
Federico Valverde Uruguay
90%
Rayan Aït-Nouri Algeria
80%
Konrad Laimer Austria
80%
Luis Diaz Colombia
80%
Moisés Caicedo Ecuador
80%
Antoine Semenyo Ghana
80%
Mehdi Ghayedi Iran
80%
Scott McTominay Scotland
80%
Josko Gvardiol Croatia
70%
Tahith Chong Curacao
70%
Ladislav Krejčí Czech Republic
70%
Omar Marmoush Egypt
70%
Ali Al-Hamadi Iraq
70%
Ryan Gravenberch Netherlands
70%
Chris Wood New Zealand
70%
Iliman Ndiaye Senegal
70%
Alexander Isak Sweden
70%
Ermedin Demirovic Bosnia and Herzegovina
60%
Armando González Mexico
60%
Saud Abdalhamid Saudi Arabia
60%
Abdukodir Khusanov Uzbekistan
60%
Yan Diomande Ivory Coast
50%
Mousa Tamari Jordan
50%
Amir Murillo Panama
50%
Akram Afif Qatar
50%
Alessandro Circati Australia
40%
Noah Sadiki DR Congo
40%
Diego Gómez Paraguay
40%
Lyle Foster South Africa
40%
Logan Costa Cape Verde
30%
Wilson Isidor Haiti
20%
Gregor Kobel Switserland
10%
Hannibal Tunesia
0%
No matching quizzes found
Score Distribution
Percent of People with Each Score
Percentile by Number Answered
Your Score History
You have not taken this quiz